00875nam a22002177a 450000500170000001000190001702000340003602000330007003500180010303700130012108200060013410000220014024500760016226000390023827000530027730000400033094200200037099900190039095201240040995201240053320170908110845.0 aENG-119520-521 c170.00a9789381622486 (vol-1) c170.00a9789381522493(vol-2) aEN-103052-053 bDBAD/PUB aN aJerome K. Jerome  aThree men in a Boat :cby Jerome K. Jerome bto say nothig of the dog / aDelhibKalra Publicationsc2010-11 a2619-20/3, New Market, Nai Sarak,bDelhie110006 a2 vol-(x,148p. ; x,132p.)c23cm(Hb) 2ddccENmJERhN c143091d143091 00103vol-140718FICaDBADbBNd2017-08-02eDBAD/PUBg170.00l0oN JERpEN-103052r2017-08-02 00:00:00t1v170.00yEN 00103vol-240718FICaDBADbBNd2017-08-02eDBAD/PUBg170.00l0oN JERpEN-103053r2017-08-02 00:00:00t1v170.00yEN